| 000 | 00605nam a22002417a 4500 | ||
|---|---|---|---|
| 003 | UA-OsUOA | ||
| 001 | 28808 | ||
| 007 | ta | ||
| 008 | 20050508b un ||||| |||| 00| 0 ukr d | ||
| 100 | _aДядиченко В. А. | ||
| 090 |
_a94(47+57) _bД99 |
||
| 942 | _cBK | ||
| 040 |
_aUA-OsUOA _bukr _cUA-OsUOA _dUA-OsUOA |
||
| 245 | _aНариси з історії СРСР (епоха феодалізму) | ||
| 300 | _a240 с. | ||
| 955 | _a0 | ||
| 041 | _aukr | ||
| 080 | _a94(47+57) | ||
| 260 |
_aК. _bРадянська школа _c1971 |
||
| 044 | _aUA | ||
| 650 | 7 | _2UDC | |
| 999 |
_c315181 _d315181 |
||